000 00401nam a2200145Ia 4500
008 230917s9999||||xx |||||||||||||| ||und||
040 _e53519
_aMAIN
041 _aEnglish
082 _aB R118O
100 _aRadhakrishnan, Sarvepalli
245 0 _aOccasional speeches and writings July 1959
260 _aDelhi
_bMinistry of Information of Broadcasting
_c1963
300 _axii, 416 p.
942 _cBK
999 _c37805
_d37805